000 00562nam a22001937a 4500
005 20251108174654.0
008 250721s2004 xx 000 0 ara d
082 1 4 _aط/216.2/خال
100 1 _aخالد، خالد أحمد
_eمؤلف
245 1 0 _aالصوم /
264 1 _aالجيزة :
_bدار الفاروق للنشر،
_c2004.
300 _a15 ص.
490 0 _aأ ركان الاسلام
650 1 7 _aتعلم
650 1 7 _aالصوم
653 _aاطفال مرحله متوسطه (6-9)سنوات
942 _2ddc
_cBK
999 _c115048
_d115048